000 00718cab a2200229 4500
001 WB3113-43
008 090401t1995 xxu||||| |||| 00| 0 eng d
035 _a(Sirsi) u41192
041 _aeng
245 _aCommission for the New Towns
260 _c1995
350 _a0
490 _aProperty Week
_v50(13) 30 March 1995, 12(1)
520 _aA National Audit Office report looked at 60 disposals by the Commission for the New Towns; level of sales and management control are commented on.
650 _aCOMMISSION FOR THE NEW TOWNS
650 _aDISPOSAL PROGRAMME
650 _aNATIONAL AUDIT OFFICE
650 _aPROPERTY SALES
690 _aRATING AND VALUATION
942 _n0
948 _c04/03/1997
999 _c26460
_d26460